000 01347nam a2200241Ia 4500
003 Ost
005 20260507075628.0
008 260507s9999||||xx |||||||||||||| ||und||
020 _a9789947781951
040 _cfsecg
041 _aara
082 _a338.72
100 _aعلالي، مختار
_eمؤلف
245 0 _aآفاق اقتصادية لخوصصة الخدمات الجامعية :
_bبحسابات مالية /
_c مختار علالي
260 _aالجزائر:
_bالنشر الجامعي الجديد,
_c2021
300 _a128 صفحة؛
_bجداول، دوائر نسبية
_c24 سم
504 _aمراجع 127- 128
520 _aالنفقات العامة وتقسيماتها مع آثارها الاقتصادية، و ترشيد الانفاق العام ومتطلبات نجاحه وفق آليات التسيير مع عناصر ومتطلبات نجاحه وآليات الحكم الراشد، وأهم الخدمات الجامعية وهيكلها من دراسة وتحليل النظام المطبق حاليا في قطاعها والميزانيات المضخمة، كذلك مراحل الصفقة العمومية للخدمات الجامعية.
653 _aالخدمات الجامعية
653 _aالقطاع الخاص
653 _aالنفقات العامة
942 _cكتاب
999 _c45180
_d45180